|
|
|
|
| LEADER |
00000nam a22000007a 4500 |
| 005 |
2021091004464.0 |
| 007 |
cr|||| |||| |
| 008 |
210910s2021 br |||||s|||| 00||0 por d |
| 020 |
|
|
|a 978-65-5515-271-5
|
| 035 |
|
|
|a 35183
|
| 040 |
|
|
|a vLex
|
| 090 |
|
|
|c 12414
|d 12414
|
| 100 |
1 |
|
|a de Oliveira Alcńtara, Alexandre
|
| 245 |
1 |
0 |
|a Estatuto do Idoso
|h [Recurso electrn̤ico] :
|b Comentr̀ios ̉Lei 10.741/2003 /
|c Alexandre de Oliveira Alcńtara, Guilherme Peą de Moraes, Luiz Clùdio Carvalho de Almeida
|
| 256 |
|
|
|a Servicio en ln̕ea
|
| 260 |
|
|
|a San Pablo:
|b Editora Foco,
|c 2021
|
| 300 |
|
|
|a 1 recurso electrn̤ico
|
| 506 |
1 |
|
|a Disponible solo en los productos indicados
|d vLex Global
|d vLex Global (Academic Edition, excluding Law Schools)
|d vLex Global (U.S. Academic Edition, Law Schools)
|d vLex Global (U.S. Academic Edition, excluding Law Schools)
|d vLex Global (Academic Edition, Law Schools)
|
| 650 |
0 |
4 |
|a Derecho Procesal
|z Brasil
|
| 700 |
1 |
|
|a Peą de Moraes, Guilherme
|
| 700 |
1 |
|
|a Carvalho de Almeida, Luiz Clùdio
|
| 740 |
0 |
|
|a vLex Libros (Servicio en ln̕ea)
|
| 856 |
4 |
0 |
|u https://app.vlex.com/#/sources/35183
|z Acceso restringido
|
| 942 |
|
|
|c BOOK
|
| 999 |
0 |
|
|a Procedural law
|